Plan de reforma de la enseñanza oficial y libre de las ciencias biológicas (Record no. 151661)

MARC details
000 -LEADER
campo de control de longitud fija 01231nam a2200253 i 4500
001 - NÚMERO DE CONTROL
campo de control 151661
003 - IDENTIFICADOR DE NÚMERO DE CONTROL
campo de control ES-MaACL
005 - FECHA Y HORA DE LA ÚLTIMA TRANSACCIÓN
campo de control 20250826055441.0
008 - DATOS DE LONGITUD FIJA--INFORMACIÓN GENERAL
campo de control de longitud fija 990413s1885 sp |||| | spa d
040 ## - FUENTE DE CATALOGACIÓN
Centro catalogador/agencia de origen CCPB | B
Lengua de catalogación spa
Centro/agencia transcriptor CCPB | B
100 1# - ENTRADA PRINCIPAL--NOMBRE DE PERSONA
Nombre de persona Valentí Vivó, Ignacio.
9 (RLIN) 112601
245 10 - MENCIÓN DEL TÍTULO
Título Plan de reforma de la enseñanza oficial y libre de las ciencias biológicas
Resto del título : memoria presentada al Excmo. Sr. D. Víctor Balaguer /
Mención de responsabilidad, etc. por el catedrático Ignacio Valentí y Vivó.
260 ## - PUBLICACIÓN, DISTRIBUCIÓN, ETC.
Lugar de publicación, distribución, etc. Barcelona :
Nombre del editor, distribuidor, etc. [s.n.],
Fecha de publicación, distribución, etc. 1885 (
Fabricante Establecimiento Tipográfico de los sucesores de N. Ramirez y Cª)
300 ## - DESCRIPCIÓN FÍSICA
Extensión 32 p. ;
Dimensiones 30 cm.
530 ## - NOTA DISPONIBLE DE FORMULARIO FÍSICO ADICIONAL
Nota de formato físico adicional disponible Disponible también en sitio web.
650 #7 - PUNTO DE ACCESO ADICIONAL DE MATERIA--TÉRMINO DE MATERIA
Término de materia o nombre geográfico como elemento de entrada Medicina-
Subdivisión general Estudio y enseñanza
Fuente del encabezamiento o término
9 (RLIN) 141679
650 #4 - PUNTO DE ACCESO ADICIONAL DE MATERIA--TÉRMINO DE MATERIA
Término de materia o nombre geográfico como elemento de entrada Farmacia-
Subdivisión general Enseñanza.
9 (RLIN) 152036
650 #4 - PUNTO DE ACCESO ADICIONAL DE MATERIA--TÉRMINO DE MATERIA
Término de materia o nombre geográfico como elemento de entrada Biología-
Subdivisión general Enseñanza.
9 (RLIN) 152037
852 ## - LOCALIZACIÓN
Ubicación ES-MaACL
Número de control de estantería Fol-Laf-91
Nota libre -- Rust.
-- -- Legado M. de la Fuente
852 ## - LOCALIZACIÓN
Ubicación ES-MaACL
Número de control de estantería T-390-F-4
Nota libre -- Enc. hol.
-- -- Enc. en un vol. facticio
852 ## - LOCALIZACIÓN
Ubicación ES-MaACL
Número de control de estantería T-664-F-6
Nota libre -- Enc. hol.
-- -- Enc. en un vol. facticio
856 ## - LOCALIZACIÓN Y ACCESO ELECTRÓNICOS
Identificador Uniforme de Recursos <a href="http://bibliotecadigitalhispanica.bne.es:80/webclient/DeliveryManager?pid=1678161&custom_att_2=simple_viewer">http://bibliotecadigitalhispanica.bne.es:80/webclient/DeliveryManager?pid=1678161&custom_att_2=simple_viewer</a>
Nota pública Ir a la página
Holdings
Estatus retirado Estado de pérdida Estado de daño No para préstamo Colección Biblioteca de origen Biblioteca actual Ubicación en estantería Fecha de adquisición Total de préstamos Signatura topográfica completa Código de barras Visto por última vez Precio de reemplazo Tipo de ítem Koha Fuente de adquisición
        Colección de folletos Biblioteca del Ateneo de Madrid Biblioteca del Ateneo de Madrid Depósito folletos 17/01/2008   T-664-F-6 1158281 23/02/2023 23/02/2023 Folleto  
        Colección de folletos Biblioteca del Ateneo de Madrid Biblioteca del Ateneo de Madrid Depósito folletos 17/01/2008   Fol-Laf-91 1158279 23/02/2023 23/02/2023 Folleto  
        Colección de folletos Biblioteca del Ateneo de Madrid Biblioteca del Ateneo de Madrid Depósito folletos 17/01/2008   T-390-F-4 1158280 23/02/2023 23/02/2023 Folleto